Станции метро Оранжевой ветки Москвы - Statistics

General Stats
  • This quiz has been taken 48 times
  • The average score is 20 of 24
Answer Stats
Название % Correct
ВДНХ
100%
Бабушкинская
98%
Ботанический сад
95%
Медведково
93%
Китай-город
93%
Рижская
90%
Алексеевская
88%
Третьяковская
88%
Ясенево
85%
Свиблово
83%
Тургеневская
83%
Тёплый Стан
83%
Новоясеневская
83%
Проспект Мира
80%
Новые Черёмушки
80%
Калужская
80%
Сухаревская
78%
Октябрьская
78%
Ленинский проспект
76%
Беляево
76%
Коньково
71%
Шаболовская
68%
Академическая
68%
Профсоюзная
63%
No matching quizzes found
Score Distribution
Percent of People with Each Score
Percentile by Number Answered
Your Score History
You have not taken this quiz